000 00262nmm a2200085Ia 4500
008 220120s9999||||xx |||||||||||||||||und||
100 _aOpen source for you
245 0 _aZorin OS 15; (core) , Fedora 30, security lab.
260 _aCoorg Institute of Technology
_c43647
999 _c140101
_d140101